| 000 | 01218nam a22003737a 4500 | ||
|---|---|---|---|
| 001 | 0047565 | ||
| 003 | KOHA_MİRAKIL | ||
| 005 | 20260207003550.0 | ||
| 007 | ta | ||
| 008 | 150306b2014 tu a|||gr||||#||||0|tur | | ||
| 020 | _a9786054322442 | ||
| 040 |
_aTR-BiSEU _btur _cTR-BiSEU _erda |
||
| 041 | 0 | _atur | |
| 044 | _ctu | ||
| 050 |
_aN7173 _b.A98 2014 |
||
| 100 | 1 | _aAyvazoğlu, Beşir. | |
| 245 | 1 |
_aMalik Aksel : _bevimizin ressamı/ _cBeşir Ayvazoğlu ; Beşir Ayvazoğlu ; yayına hazırlayan Mustafa Çevikdoğan.. |
|
| 250 | _a3. Basım | ||
| 264 | 1 |
_aİstanbul : _bKapı yayınları _c2014 |
|
| 300 |
_a150,[80] : _bresimli ; _c24 cm. |
||
| 336 |
_ametin _btxt _2rdacontent |
||
| 337 |
_aaracısız _bn _2rdamedia |
||
| 338 |
_acilt _bnc _2rdacarrier |
||
| 490 | 1 |
_aKapı yayınları ; _v234. |
|
| 490 | 1 |
_aBeşir Ayvazoğlu kitaplığı ; _v18 |
|
| 500 | _aKaynakça var. | ||
| 650 | 0 |
_aMalik, Aksel, 1901-1987. _987336 |
|
| 650 | 0 |
_aPainting, modern--20th century--Turkey. _958251 |
|
| 650 | 0 |
_aSanat, modern--20. yy--Türkiye. _987337 |
|
| 830 | 1 |
_aKapı yayınları ; _v234. _912753 |
|
| 830 | 1 |
_aBeşir Ayvazoğlu kitaplığı ; _v18 _915857 |
|
| 907 | _aBiyografi | ||
| 942 |
_2lcc _cBK |
||
| 999 |
_c47409 _d47409 |
||